Top 40 Ultimate Blockbuster Movies - Statistics

General Stats
  • This quiz has been taken 624 times
  • The average score is 12 of 40
Answer Stats
Rank Year Film % Correct
1 2009 Avatar
87%
11 1997 Titanic
76%
2 1977 Star Wars
74%
18 2001 Harry Potter and the Philosopher’s Stone
59%
15 1975 Jaws
45%
6 2001 Lord of the Rings: The Fellowship of the Ring
45%
5 1980 The Empire Strikes Back
43%
21 2002 Harry Potter and the Chamber of Secrets
42%
3 1996 Jurassic Park
42%
4 1983 Return of the Jedi
41%
19 2010 Harry Potter and the Deathly Hallows Part 1
36%
25 1981 Raiders of the Lost Ark
36%
20 2005 Harry Potter and the Goblet of Fire
33%
23 2009 Harry Potter and the Half-Blood Prince
33%
22 2004 Harry Potter and the Prisoner of Azkaban
33%
24 2007 Harry Potter and the Order of the Phoenix
32%
17 2011 Harry Potter and the Deathly Hallows Part 2
31%
12 1999 Star Wars: The Phantom Menace
31%
35 1939 Gone with the Wind
29%
7 2002 Lord of the Rings: The Two Towers
29%
14 2005 Star Wars: Revenge of the Sith
29%
8 2003 Lord of the Rings: The Return of the King
28%
32 1984 Terminator
26%
13 2002 Star Wars: Attack of the Clones
25%
10 2015 Star Wars: The Force Awakens
25%
9 2015 Jurassic World
24%
26 1999 The Matrix
23%
30 1991 Terminator 2
17%
29 1989 Indiana Jones and the Last Crusade
16%
27 1998 Saving Private Ryan
16%
31 1968 2001: A Space Odyssey
13%
36 2012 The Hunger Games
13%
39 2014 Interstellar
12%
33 1993 Schindler’s List
11%
38 1995 Braveheart
10%
37 2014 Guardians of the Galaxy
8%
16 2017 Dunkirk
7%
28 2013 Gravity
6%
34 1995 Apollo 13
4%
40 2017 Guardians of the Galaxy Vol. 2
4%
No matching quizzes found
Score Distribution
Percent of People with Each Score
Percentile by Number Answered
Your Score History
You have not taken this quiz